| 000 | 00893cam a2200157 4500500 | ||
|---|---|---|---|
| 005 | 20260329002817.0 | ||
| 041 | _afre | ||
| 042 | _adc | ||
| 100 | 1 | 0 |
_aCussó, Roser _eauthor |
| 700 | 1 | 0 |
_aPorta, J. _eauthor |
| 245 | 0 | 0 | _aNote de lecture : Gergely Fejérdy, Zoltán Garadnai, Magyarország a francia diplomaták szemével. Diplomáciai dokumentumok a magyar-francia kapcsolatok történetének jobb megértéséhez (1944-1990) – La Hongrie vue avec les yeux des diplomates français. Documents diplomatiques pour mieux comprendre l’histoire des relations franco-hongroises (1944-1990), Budapest, Line Design, 2022. |
| 260 | _c2025. | ||
| 500 | _a4 | ||
| 786 | 0 | _nHistoire, Europe et relations internationales | 6 | 1 | 2025-06-06 | p. 219-223 | |
| 856 | 4 | 1 | _uhttps://shs.cairn.info/journal-histoire-europe-et-relations-internationales-2025-1-page-219?lang=en&redirect-ssocas=7080 |
| 999 |
_c1818619 _d1818619 |
||